The Lord of the rings: (Record no. 49346)
| 000 -LEADER | |
|---|---|
| fixed length control field | 00819nam a2200157 4500 |
| 020 ## - INTERNATIONAL STANDARD BOOK NUMBER | |
| International Standard Book Number | 034533973 |
| 100 ## - MAIN ENTRY--PERSONAL NAME | |
| Personal name | Tolkien, J. R.R |
| 9 (RLIN) | 11653 |
| 245 ## - TITLE STATEMENT | |
| Title | The Lord of the rings: |
| Remainder of title | the return of the Kings / |
| Statement of responsibility, etc | J.R. R. Tolkien. |
| 260 ## - PUBLICATION, DISTRIBUTION, ETC. (IMPRINT) | |
| Place of publication, distribution, etc | New York: |
| Name of publisher, distributor, etc | Ballantine Books; |
| Date of publication, distribution, etc | 1994. |
| 300 ## - PHYSICAL DESCRIPTION | |
| Extent | 491 p. |
| Other physical details | maps; |
| Dimensions | 17 cm. |
| 490 ## - SERIES STATEMENT | |
| Series statement | The Lord of the rings; part 3. |
| 520 ## - SUMMARY, ETC. | |
| Summary, etc | As the Shadow of Mordor grows, the companions find their way through danger and mystery as they defeat the Dark Lord and celebrate Aragorn's ascent to become King of the West. 'Includes appendices containing genealogical and historical information that form the background of the story<br/>. |
| 650 ## - SUBJECT ADDED ENTRY--TOPICAL TERM | |
| Topical term or geographic name as entry element | Frodo Baggins. Middle Earth (imaginary place). Friendship. Good vs. evil. |
| Form subdivision | Fiction. |
| 9 (RLIN) | 86560 |
| 655 ## - INDEX TERM--GENRE/FORM | |
| Genre/form data or focus term | Fantasy. |
| 9 (RLIN) | 56253 |
| 942 ## - ADDED ENTRY ELEMENTS (KOHA) | |
| Source of classification or shelving scheme | |
| Koha item type | J FIC BOOKS |
| Withdrawn status | Lost status | Source of classification or shelving scheme | Damaged status | Not for loan | Collection code | Home library | Current library | Shelving location | Date acquired | Full call number | Barcode | Date last seen | Price effective from | Koha item type |
|---|---|---|---|---|---|---|---|---|---|---|---|---|---|---|
| SECONDARY | Asian Hope Secondary Library | Asian Hope Secondary Library | Junior Fiction | 08/19/2025 | J FIC TOL BK. 3 | 208749 | 01/16/2026 | 08/19/2025 | J FIC BOOKS |